<?xml version="1.0" encoding="UTF-8"?>
<record
    xmlns:xsi="http://www.w3.org/2001/XMLSchema-instance"
    xsi:schemaLocation="http://www.loc.gov/MARC21/slim http://www.loc.gov/standards/marcxml/schema/MARC21slim.xsd"
    xmlns="http://www.loc.gov/MARC21/slim">

  <leader>01260nam a2200217   4500</leader>
  <controlfield tag="005">20250422094837.0</controlfield>
  <controlfield tag="008">250422b        |||||||| |||| 00| 0 eng d</controlfield>
  <datafield tag="020" ind1=" " ind2=" ">
    <subfield code="a">9788178246864</subfield>
  </datafield>
  <datafield tag="037" ind1=" " ind2=" ">
    <subfield code="c">Textual</subfield>
  </datafield>
  <datafield tag="040" ind1=" " ind2=" ">
    <subfield code="a">RTL</subfield>
    <subfield code="c">RTL</subfield>
  </datafield>
  <datafield tag="084" ind1=" " ind2=" ">
    <subfield code="a">Y5926(NA,6).2 R2</subfield>
    <subfield code="q">RTL</subfield>
  </datafield>
  <datafield tag="100" ind1=" " ind2=" ">
    <subfield code="a">Tilche, Alice</subfield>
    <subfield code="9">752681</subfield>
  </datafield>
  <datafield tag="245" ind1=" " ind2=" ">
    <subfield code="a">Adivasi art and activism: Curation in a nationalist age</subfield>
  </datafield>
  <datafield tag="260" ind1=" " ind2=" ">
    <subfield code="a">Ranikhet</subfield>
    <subfield code="b">Permanent Black</subfield>
    <subfield code="c">2022</subfield>
  </datafield>
  <datafield tag="300" ind1=" " ind2=" ">
    <subfield code="a">ix, 244p p. : ill.</subfield>
    <subfield code="b">Includes bibliographical references and index</subfield>
  </datafield>
  <datafield tag="520" ind1=" " ind2=" ">
    <subfield code="a">As India consolidates an aggressive model of economic development, indigenous tribal people &#x2013; the Adivasis &#x2013; continue to be overrepresented among the country's poor. Adivasis make up more than eight hundred communities in India, with a total population of more than a hundred million people speaking more than three hundred different languages. Although their historical presence is acknowledged by the state and they are lauded as part of India's ethnic identity, their poverty has been compounded by the suppression of their cultural heritage and lifestyle.

</subfield>
  </datafield>
  <datafield tag="650" ind1=" " ind2=" ">
    <subfield code="a">Adivasi- India</subfield>
    <subfield code="9">752682</subfield>
  </datafield>
  <datafield tag="650" ind1=" " ind2=" ">
    <subfield code="a">Tribal art</subfield>
    <subfield code="9">752683</subfield>
  </datafield>
  <datafield tag="650" ind1=" " ind2=" ">
    <subfield code="a">Tribe- museums- India</subfield>
    <subfield code="9">752684</subfield>
  </datafield>
  <datafield tag="942" ind1=" " ind2=" ">
    <subfield code="2">CC</subfield>
    <subfield code="n">0</subfield>
    <subfield code="c">TB</subfield>
    <subfield code="h">Y5926(NA,6).2 R2</subfield>
  </datafield>
  <datafield tag="999" ind1=" " ind2=" ">
    <subfield code="c">1309269</subfield>
    <subfield code="d">1309269</subfield>
  </datafield>
</record>
